Fr. Conceicao Rodrigues College of Engineering

Higher Engineering Mathematics (Record no. 36337)

MARC details
000 -LEADER
fixed length control field 00408nam a22001697a 4500
003 - CONTROL NUMBER IDENTIFIER
control field OSt
005 - DATE AND TIME OF LATEST TRANSACTION
control field 20260413094041.0
007 - PHYSICAL DESCRIPTION FIXED FIELD--GENERAL INFORMATION
fixed length control field 1462 pages
008 - FIXED-LENGTH DATA ELEMENTS--GENERAL INFORMATION
fixed length control field 260413b |||||||| |||| 00| 0 eng d
020 ## - INTERNATIONAL STANDARD BOOK NUMBER
International Standard Book Number 9788193328491
040 ## - CATALOGING SOURCE
Transcribing agency
082 ## - DEWEY DECIMAL CLASSIFICATION NUMBER
Edition number 45
Classification number 510
Item number GRE
245 ## - TITLE STATEMENT
Title Higher Engineering Mathematics
Statement of responsibility, etc. Grewal,B.S
250 ## - EDITION STATEMENT
Edition statement 45
260 ## - PUBLICATION, DISTRIBUTION, ETC.
Name of publisher, distributor, etc. Khanna publishers
Date of publication, distribution, etc. 1979
942 ## - ADDED ENTRY ELEMENTS (KOHA)
Source of classification or shelving scheme Dewey Decimal Classification
Koha item type BOOK
Call number prefix 510
Call number suffix GRE
Suppress in OPAC No
Holdings
Withdrawn status Lost status Source of classification or shelving scheme Damaged status Not for loan Collection Home library Current library Date acquired Cost, normal purchase price Inventory number Total Checkouts Full call number Barcode Date last seen Price effective from Koha item type
    Dewey Decimal Classification     Mathematics Fr. Agnel's C.Rodrigues College of Engineering Fr. Agnel's C.Rodrigues College of Engineering 13/04/2026 1179.00 AO/26/04/005   510/GRE 27201 13/04/2026 13/04/2026 BOOK
    Dewey Decimal Classification     Mathematics Fr. Agnel's C.Rodrigues College of Engineering Fr. Agnel's C.Rodrigues College of Engineering 13/04/2026 1179.00 AO/26/04/005   510/GRE 27202 13/04/2026 13/04/2026 BOOK